000 00919 a2200145 4500
003 Nust
005 20170207154009.0
022 _a1-57231-834-1
040 _cNust
082 _a005.71
245 _aMicrosoft Systems Management Server 2.0 Training Kit (E-BOOK)
260 _aMicrosoft Corporation
_c1999
505 _aChapter 1 .Introduction to Microsoft Systems Management Server, Chapter 2 .Installing a Primary Site, Chapter 3 .Administering Inventory Collection, Chapter 4 .Distributing Software, Chapter 5 .SMS Software Metering, Chapter 6 .Using Remote Tools, Chapter 7 .SMS Network Management Components, Chapter 8 .Querying the Database and Producing Reports, Chapter 9 .Planning for SMS, Chapter 10 .Configuring Site Systems, Chapter 11 .Site-to-Site Communications, Chapter 12 .Configuring SMS Security, Chapter 13 .Administering SMS Databases, Chapter 14 .Monitoring and Troubleshooting SMS
651 _aE-BOOK
942 _2ddc
_cBK
999 _c191113
_d191113